Textbook of marine engine: data tables and illustrations

Saved in:
Bibliografiske detaljer
Format: Bog
Sprog:engelsk
Udgivet: Tokio Japan International Cooperation Agency 1990
Fag:
Tags: Tilføj Tag
Ingen Tags, Vær først til at tagge denne postø!

MARC

LEADER 00000nam a2200000 a 4500
001 UCZ2818
003 CL-VaPUC
008 951013e19900000JA |||||||||||||||||eng|d
082 0 4 |a 623.8  |b TEX  |2 21 
245 1 0 |a Textbook of marine engine: data tables and illustrations 
300 |a 127 p 
942 |c BK 
945 |d 19951013 00:00:00  |a rbrito 
260 |a Tokio  |b Japan International Cooperation Agency  |c 1990 
650 7 |a INGENIERIA MARINA  |2 CL-VaPUC  |9 346590 
650 0 |a Motores Diésel  |9 271572 
650 0 |a Motores de combustión interna  |9 261038 
650 7 |a MOTORES MARINOS  |2 CL-VaPUC  |9 338587 
650 7 |a DIBUJO TECNICO  |2 CL-VaPUC  |9 346591 
650 0 |a Diseño industrial  |9 262726 
583 |a last modification  |c 19951013 00:00:00  |k Rodrigo Vera 
999 |c 239370  |d 239368